|
003 -Nazwa inst., której nr kontr. jest w polu 001 [,]
|
-
- @
- Nazwa instytucji, której n kontrolny jest w polu 001
- NUKAT
|
|
005 -DATA I CZAS OSTATNIEJ MODYFIKACJI [,]
|
-
- @
- pole kontrolne
- 20260413133600.0
|
|
020 -Międzynarod. znormalizowany nr książki - ISBN [ , ]
|
-
- a
- Numer ISBN
- 832081264X
|
|
020 -Międzynarod. znormalizowany nr książki - ISBN [ , ]
|
-
- a
- Numer ISBN
- 8320812658
|
|
040 -Instytucja sporządzająca opis [ , ]
|
-
- a
- Instytucja, która sporządziła opis (NP)
- KR U/46AD
-
- c
- Instytucja, która sporządziła rekord (NP)
- KR U/46AD
-
- d
- Instytucja, która zmodyfikowała rekord (P)
- KR U/46AD
-
- d
- Instytucja, która zmodyfikowała rekord (P)
- Ł U/MSs
-
- d
- Instytucja, która zmodyfikowała rekord (P)
- KR 7/TS
-
- d
- Instytucja, która zmodyfikowała rekord (P)
- GL 001/ER
-
- d
- Instytucja, która zmodyfikowała rekord (P)
- OLSZT 003/DS
|
|
041 -Język dokumentu [1, ]
|
-
- a
- Język tekstu (P)
- polski
-
- h
- Język tekstu oryginalnego i/lub pośredniego (P)
- angielski
|
|
942 -Rodzaj dokumentu [ , ]
|
-
- c
- Rodzaj dokumentu
- Książka
|
|
240 -Tytuł ujednolicony [1,0]
|
-
- a
- Tytuł ujednolicony
- Economics
-
-
|
|
245 -Strefa tytułu i oznaczenia odpowiedzialności [1,0]
|
-
- a
- Tytuł
- Ekonomia :
-
- b
- Ciąg dalszy tytułu (NP)
- mikroekonomia /
-
- c
- Pozostałe elementy strefy tytułu i oznaczenia odpowiedzialności (NP)
- David Begg, Stanley Fischer, Rudiger Dornbusch ; red. nauk. Bogusław Czarny, Zbigniew Matkowski, Ryszard Rapacki ; tł. Bogusław Czarny [et al.].
|
|
246 -Wariant tytułu [3,0]
|
-
- a
- Tytuł (NP)
- Mikroekonomia
|
|
250 -Strefa wydania [ , ]
|
-
- a
- Oznaczenie wydania (NP)
- Wyd. 2 zm.
|
|
260 -Strefa adresu wydawniczego [ , ]
|
-
- a
- Miejsce wydania (P)
- Warszawa :
-
- b
- Nazwa wydawcy (P)
- Polskie Wydawnictwo Ekonomiczne,
-
|
|
300 -Strefa opisu fizycznego [ , ]
|
-
- a
- Określenie formy książki i/lub objętość (NP)
- 570, [6] s. :
-
- b
- Oznaczenie ilustracji (NP)
- il. ;
-
|
|
336 -Typ zawartości [ , ]
|
-
- a
- Termin opisujący typ zawartości
- Tekst
-
- b
- Kod określający zawartość
- txt
-
- 2
- Źródło (terminu i kodu)
- rdacontent
|
|
337 -Typ mediów [ , ]
|
-
- a
- Tryb odtwarzania
- Bez urządzenia pośredniczącego
-
-
- 2
- Źródło (terminu i kodu)
- rdamedia
|
|
338 -Typ/rodzaj nośnika [ , ]
|
-
- a
- Hasło opisujące typ nośnika
- Wolumin
-
-
- 2
- Źródło (terminu i kodu)
- rdacarrier
|
|
380 -Deskryptor - Forma dzieła (P) [ , ]
|
-
- a
- forma dzieła (NP)
- Książki
|
|
380 -Deskryptor - Forma dzieła (P) [ , ]
|
-
- a
- forma dzieła (NP)
- Publikacje dydaktyczne
|
|
380 -Deskryptor - Forma dzieła (P) [ , ]
|
-
- a
- forma dzieła (NP)
- Publikacje naukowe
|
|
385 -Deskryptor - grupa odbiorców (P) [ , ]
|
-
- m
- wyrażenie wprowadzające (NP)
- Poziom nauczania
-
- a
- termin określający odbiorcę (P)
- Szkoły wyższe
|
|
388 -Deskryptor - czas powstania dzieła (P) [1, ]
|
-
- a
- Czas powstania dzieła (NP)
- 1901-2000
|
|
700 -Hasło dodatkowe - nazwa osobowa [1, ]
|
-
- a
- Nazwa osobowa (NP)
- Fischer, Stanley
-
- d
- Daty biograficzne (NP)
- (1943-2025).
-
|
|
700 -Hasło dodatkowe - nazwa osobowa [1, ]
|
-
- a
- Nazwa osobowa (NP)
- Dornbusch, Rudiger
-
- d
- Daty biograficzne (NP)
- (1942-2002).
-
|
|
700 -Hasło dodatkowe - nazwa osobowa [1, ]
|
-
- a
- Nazwa osobowa (NP)
- Czarny, Bogusław
-
- d
- Daty biograficzne (NP)
- (1957- ).
-
- e
- Określenie rodzaju współpracy
- Tł.
-
|
|
700 -Hasło dodatkowe - nazwa osobowa [1, ]
|
-
- a
- Nazwa osobowa (NP)
- Matkowski, Zbigniew.
-
- e
- Określenie rodzaju współpracy
- Red.
-
|
|
700 -Hasło dodatkowe - nazwa osobowa [1, ]
|
-
- a
- Nazwa osobowa (NP)
- Rapacki, Ryszard.
-
- e
- Określenie rodzaju współpracy
- Red.
-
|
|
710 -Hasło dodatkowe - nazwa ciała zbiorowego [2, ]
|
-
- a
- Nazwa ciała zbiorowego lub nazwa geograficzna jako pierwszy element (NP)
- Polskie Wydawnictwo Ekonomiczne.
-
-
|